000 00409nam a2200181Ia 4500
005 20240823045627.0
008 240823s9999||||xx |||||||||||||| ||und||
041 _aENGLISH
082 _A330.9 M5
100 _a"Costa,Da"
245 0 _aReserve Bank of India
250 _a1st
260 _c1985
_b#VALUE!
500 _aTransfered
650 _aRBI
_bManagement Studies
942 _cBK
999 _c215399
_d215399